000 00689nam a22002417a 4500
003 UA-OsUOA
001 50570
007 ta
008 20140624b un ||||| |||| 00| 0 ukr d
100 _aРоманів О.
090 _a82-92
_bР69
942 _cBR
040 _aUA-OsUOA
_bukr
_cUA-OsUOA
_dUA-OsUOA
245 _aЯку державу будує Україна
300 _a29 с.
955 _a4
041 _aukr
080 _a82-92
260 _aЛьвів
_c1995
650 7 _a82 Література. Літературознавство
_2UDC
999 _c430688
_d430688